Innovation accounting (Record no. 4786)

MARC details
000 -CABECERA
campo de control de longitud fija 02063nam a22002297a 4500
008 - DATOS DE LONGITUD FIJA--INFORMACIÓN GENERAL
campo de control de longitud fija 250625b |||||||| |||| 00| 0 eng d
020 ## - NÚMERO INTERNACIONAL ESTÁNDAR DEL LIBRO
Número Internacional Estándar del Libro 9789063696207
040 ## - FUENTE DE LA CATALOGACIÓN
Centro/agencia transcriptor tbs
041 ## - CÓDIGO DE LENGUA
Código de lengua del texto/banda sonora o título independiente eng
050 ## - SIGNATURA TOPOGRÁFICA DE LA BIBLIOTECA DEL CONGRESO
Número de clasificación HD58.8 .I56 2021
100 ## - ENTRADA PRINCIPAL--NOMBRE DE PERSONA
Nombre de persona Toma, Dan
9 (RLIN) 25554
Término indicativo de función/relación author
245 ## - MENCIÓN DE TÍTULO
Título Innovation accounting
Resto del título : a practical guide for measuring your innovation ecosystem's performance
Mención de responsabilidad, etc. / Dan Toma, Esther Gons.
260 ## - PUBLICACIÓN, DISTRIBUCIÓN, ETC.
Lugar de publicación, distribución, etc. Amsterdam, The Netherlands :
Nombre del editor, distribuidor, etc. BIS Publishers,
Fecha de publicación, distribución, etc. 2021.
300 ## - DESCRIPCIÓN FÍSICA
Extensión 310 pages :
Otras características físicas illustrations (color) ;
Dimensiones 19 cm.
504 ## - NOTA DE BIBLIOGRAFÍA, ETC.
Nota de bibliografía, etc. Includes bibliographical references and index.
520 ## - SUMARIO, ETC.
Sumario, etc. When a company is committed to growing through innovation - not just exploiting the existing business models - standard accounting documents offer insufficient and, oftentimes irrelevant data. Innovation Accounting is a practical guide for these companies to help them measure and track innovation. Most established organizations have understood the need to innovate and become more digital, however the management tools available to leaders seeking to understand the investments in innovation are lacking. Financial accounting in particular is difficult to use in the context of (digital) innovation. Therefore a new complementary system for measuring and tracking innovation is needed. The book provides tools, frameworks, templates, and visualizations that can be easily understood and applied. These can all be used by executives looking for a new way of measuring corporate performance in a world where accounting-recognized assets are becoming commodities, by investors seeking better ways of looking at a company's growth potential, and by managers who need to valuate innovation product teams using more than just financial indicators. Innovation Accounting is an essential go-to book for anyone that wants to measure their company's innovation ecosystem.
650 #0 - PUNTO DE ACCESO ADICIONAL DE MATERIA--TÉRMINO DE MATERIA
Término de materia o nombre geográfico como elemento de entrada Organizational change
9 (RLIN) 2599
650 #0 - PUNTO DE ACCESO ADICIONAL DE MATERIA--TÉRMINO DE MATERIA
Término de materia o nombre geográfico como elemento de entrada Performance
Subdivisión general Management
9 (RLIN) 6129
650 #0 - PUNTO DE ACCESO ADICIONAL DE MATERIA--TÉRMINO DE MATERIA
Término de materia o nombre geográfico como elemento de entrada Industrial management
9 (RLIN) 20469
700 ## - ENTRADA AGREGADA--NOMBRE PERSONAL
Nombre de persona Gons, Esther
9 (RLIN) 25555
Término indicativo de función/relación author
942 ## - ELEMENTOS DE ENTRADA AGREGADA (KOHA)
Fuente del sistema de clasificación o colocación Clasificación de Library of Congress
Holdings
Estado de retiro Estado de pérdida Fuente del sistema de clasificación o colocación Estado dañado No para préstamo Biblioteca de origen Biblioteca actual Fecha de adquisición Total de préstamos Signatura topográfica completa Código de barras Fecha visto por última vez Número de copia Precio válido a partir de Tipo de ítem Koha
    Clasificación de Library of Congress     TBS Barcelona TBS Barcelona 25/06/2025   HD58.8 TOM B05732 25/06/2025 1 25/06/2025 Book

Powered by Koha